LEADER 02408nam0 2200409 i 450 001 MIL0272814 005 20231121125543.0 010 $a8879884344 020 $aIT$b96-10652 100 $a19960507d1995 ||||0itac50 ba 101 | $aita$amul 102 $ait 181 1$6z01$ai $bxxxe 182 1$6z01$an 200 1 $a˜La œpredicazione dei frati dalla metā del '200 alla fine del '300$eatti del 22. Convegno internazionale$eAssisi, 13-15 ottobre 1994$fSocietā internazionale di studi francescani, Centro interuniversitario di studi francescani 210 $aSpoleto$cCentro italiano di studi sull'alto Medioevo$d1995 215 $aX, 496 p., \16! c. di tav.$cill.$d 23 cm. 225 | $aAtti dei convegni della Societā internazionale di studi francescani e del Centro interuniversitario di studi francescani.$i Nuova serie$v5 410 0$1001TO00075237$12001 $aAtti dei convegni della Societā internazionale di studi francescani e del Centro interuniversitario di studi francescani.$i Nuova serie$v5$171202$aSocietā internazionale di studi francescani$3CFIV021323 606 $aCongressi$xAssisi$x1994$2FIR$3RMLC410745$9I 606 $aOrdini mendicanti$xPredicazione$xSec. 13.-14.$xCongressi$x1994$2FIR$3RMLC410746$9I 606 $aOratoria sacra$xSec. 13.-14.$xCongressi Assisi 1994$2FIR$3RMLC062049$9I 676 $a271.06$9$v21 710 02$aSocietā internazionale di studi francescani$3CFIV021323$4070$0167009 711 02$aCentro interuniversitario di studi francescani$3TO0V043484$4070$0167010 801 3$aIT$bIT-01$c19960507 850 $aIT-RM028 $aIT-RM0281 $aIT-RM0249 $aIT-RM0151 $aIT-FR0017 899 $aBiblioteca Universitaria Alessandrina$bRM028 899 $aBIBLIOTECA VALLICELLIANA$bRM0281 899 $aSOCIETA' ROMANA DI STORIA PATRIA$bRM0249 899 $aBiblioteca Istituto Storico Italiano Medio Evo - I$bRM0151 899 $aBiblioteca umanistica Giorgio Aprea$bFR0017 912 $aMIL0272814 950 0$aBiblioteca umanistica Giorgio Aprea$d 52CIS SPOLETO R 5$e 52VM 0000523885 VM barcode:00021062. - Inventario:27490 FLSVM$fA $h20050131$i20121204 977 $a 01$a 08$a 11$a 41$a 52 996 $aPredicazione dei frati dalla metā del '200 alla fine del '300$91457350 997 $aUNICAS LEADER 02424nam 22005173u 450 001 9910149168203321 005 20230801231649.0 010 $a1-84621-117-4 035 $a(CKB)2670000000521858 035 $a(EBL)1620881 035 $a(SSID)ssj0001685181 035 $a(PQKBManifestationID)16519298 035 $a(PQKBTitleCode)TC0001685181 035 $a(PQKBWorkID)15047227 035 $a(PQKB)10662663 035 $a(MiAaPQ)EBC32108339 035 $a(Au-PeEL)EBL32108339 035 $a(OCoLC)1498700712 035 $a(MiAaPQ)EBC32650382 035 $a(Au-PeEL)EBL32650382 035 $a(EXLCZ)992670000000521858 100 $a20140217d2012|||| u|| | 101 0 $aeng 135 $aur|n|---||||| 181 $ctxt 182 $cc 183 $acr 200 10$aCreating an Ethical Work Environment $eThe Manager's Role 205 $a1st ed. 210 $aCork $cOak Tree Press$d2012 215 $a1 online resource (36 p.) 225 1 $a1 300 $aDescription based upon print version of record. 311 08$a1-84621-116-6 327 $aCopyright Page; Introduction; Step 1: Make the decision to commit to ethics; step 2: Recognise that you are a role model; step 3: Take responsibility for instilling ethical behaviour; Step 4: Determine what you consider to be ethical practice; Step 5: Articulate your values; Step 6: Train your staff; Step 7: Encourage open communication; Step 8: Be consistent; Conclusion; About the Author; About Oak Tree Press 330 $a Forward-thinking business people around the world and from diverse public and private industry sectors now recognise that the 2000-year-old debate about ethics and commerce should be addressed. Such managers do not see discussions of ethics and business as a joke, as a threat or as a weakness, but rather as a natural outgrowth of the movements towards excellence, quality and transparency. This book is a guide to assist managers by answering the question: How can you create an ethical working environment? Its purpose is to clarify the significant role you as a manager play in creating an eth 410 0$a1 517 $aCreating an Ethical Work Environment 700 $aTierney$b Elizabeth P$01372515 801 0$bAU-PeEL 801 1$bAU-PeEL 801 2$bAU-PeEL 906 $aBOOK 912 $a9910149168203321 996 $aCreating an Ethical Work Environment$93404372 997 $aUNINA